| 000 | 00426cam a2200157 4500 | ||
|---|---|---|---|
| 001 | L131702 | ||
| 002 | 9232 | ||
| 008 | 051130n2005 000 0 eng u | ||
| 035 | _a(Sirsi) u131702 | ||
| 100 | _aParrett, Mike | ||
| 245 | _aMike Parrett's guide to building pathology - Set of 6 training DVDs | ||
| 260 |
_aLimelite Media Limited _c2005 |
||
| 350 | _a309.99 | ||
| 520 | _aDue to be published April 2006 | ||
| 942 | _n0 | ||
| 999 |
_c104804 _d104804 |
||